Procyklickosť účtovných pravidiel a pravidiel regulácie kapitálu bánk
Medzinárodný menový fond vo svojej najnovšej prognóze očakáva, že svetová produkcia poklesne v roku 2009 o 1,1 percenta. Negatívne dopady globálnej hospodárskej krízy na Slovensku. Procyklickosť účtovných pravidiel. Špirála strát a špirála obchodného rozpätia v moderných finančných systémoch. Proc...
Saved in:
| Main Author: | |
|---|---|
| Format: | Book Chapter |
| Language: | Slovak |
| Subjects: | |
| Tags: |
No Tags, Be the first to tag this record!
|
MARC
| LEADER | 00000naa$a2200000$$$4500 | ||
|---|---|---|---|
| 001 | 0105392 | ||
| 005 | 20231116085518.6 | ||
| 041 | 0 | |a slo | |
| 044 | |a SK | ||
| 245 | 1 | 0 | |a Procyklickosť účtovných pravidiel a pravidiel regulácie kapitálu bánk |c Tomáš Tószér |
| 520 | |a Medzinárodný menový fond vo svojej najnovšej prognóze očakáva, že svetová produkcia poklesne v roku 2009 o 1,1 percenta. Negatívne dopady globálnej hospodárskej krízy na Slovensku. Procyklickosť účtovných pravidiel. Špirála strát a špirála obchodného rozpätia v moderných finančných systémoch. Procyklickosť regulácie kapitálu bánk. | ||
| 610 | 2 | 0 | |a rozpätie obchodné |
| 610 | 2 | 0 | |a pravidlá účtovné |
| 610 | 2 | 0 | |a kapitál bankový |
| 610 | 2 | 0 | |a kríza finančná |
| 610 | 2 | 0 | |a regulácia |
| 100 | 1 | |a Tószér, Tomáš | |